000 00490nam a2200181Ia 4500
005 20250508150936.0
008 008 250505s9999 xx 000 0 eng d
037 _aTextual
040 _aFEDL
_beng
_cFEDL
041 _aeng
_2eng
084 _a758.81, MAT
_qFEDL
100 _aMatthews Kenneth
_9627954
245 0 _aBritish philosophers
260 _aLondon, UK
_bWilliam Collins of London
300 _a47p
942 _cTEXL
_h758.81, MAT
999 _c1326624
_d1326624